Sports Quiz

Random Sports or Football Quiz

Montreal Expos 1981 Quiz Stats

 Plays Quiz not verified by Sporcle

Score 0/21 Timer 10:00
0 Plays Today
Position Players name % Correct
CatcherGary Carter
100%
outfielderAndre Dawson
95.4%
PitcherSteve Rogers
94%
outfielderTim Raines
92.2%
first baseWarren Cromartie
80.2%
third baseLarry Parrish
79.7%
outfielderEllis Valentine
73.3%
second baseRodney Scott
71.4%
PitcherJeff Reardon
70.5%
PitcherCharlie Lea
68.2%
shortstopChris Speier
68.2%
Position Players name % Correct
PitcherBill Lee
65%
PitcherBill Gullickson
63.6%
PitcherWoodie Fryman
57.6%
PitcherScott Sanderson
56.7%
PitcherRay Burris
45.2%
PitcherBryn Smith
35%
PitcherElias Sosa
35%
CatcherBobby Ramos
28.1%
PitcherStan Bahnsen
27.6%
4.6%

You're not logged in!

Compare scores with friends on all Sporcle quizzes.
OR
Log In

Show Comments

Extras

Top Quizzes Today


Score Distribution

Your Account Isn't Verified!

In order to create a playlist on Sporcle, you need to verify the email address you used during registration. Go to your Sporcle Settings to finish the process.

Report this User

Report this user for behavior that violates our Community Guidelines.

Details: